00628nam a2200181Ia 4500003000900000008004100009020001800050040001600068080001500084100002300099245008000122260003800202300001500240650003200255942000700287999001700294952013500311IN-BaIIA211028s9999 xx 000 0 eng d a0-471-14302-2 cIIA Library a535.5bBRO aBrosseau, C925438 0aFundamentals of polarized lightba statistical optics approachcC. Brosseau aNew YorkbJohn Wiley & Sonsc1998 axiv, 405p. aPolarization (light)925439 cBK c14365d14365 00104070aBANbBANcGENd2001-11-27g5271.00l2o535.5/ BROp15285r2025-09-23s2025-05-21v5271.00w2001-11-27yBKGRs. 5271.00